| 000 | 00344nam a2200133Ia 4500 | ||
|---|---|---|---|
| 008 | 230312s9999||||xx |||||||||||||| ||und|| | ||
| 020 | _a978-1439868614 | ||
| 082 |
_a629.135 _bSPI-D |
||
| 100 | _aSpitzer;Cary.R | ||
| 245 | 0 | _aDigital Avionics Handbook | |
| 260 |
_bCRC Press _aIndia _c2015 |
||
| 650 |
_aAviation _vDigital avionics |
||
| 942 | _cBK | ||
| 999 |
_c14341 _d14341 |
||